Planning support systems (Record no. 53722)
[ view plain ]
| 000 -LEADER | |
|---|---|
| fixed length control field | 00951nam a2200241 a 4500 |
| 008 - FIXED-LENGTH DATA ELEMENTS--GENERAL INFORMATION | |
| fixed length control field | 120416s2001 ||||||||||||||||| || u |
| 020 ## - INTERNATIONAL STANDARD BOOK NUMBER | |
| International Standard Book Number | 1589480112 |
| 050 ## - LIBRARY OF CONGRESS CALL NUMBER | |
| Classification number | HD 108.15 Pla |
| 100 ## - MAIN ENTRY--PERSONAL NAME | |
| Personal name | Brail, Richard K |
| 245 10 - TITLE STATEMENT | |
| Title | Planning support systems |
| Statement of responsibility, etc. | edited by Richard K. Brail |
| 246 ## - VARYING FORM OF TITLE | |
| Title proper/short title | integrating geographic information systems, models, and visualisation tools |
| 260 ## - PUBLICATION, DISTRIBUTION, ETC. | |
| Place of publication, distribution, etc. | California |
| Name of publisher, distributor, etc. | ESRI Press |
| Date of publication, distribution, etc. | 2001. |
| 300 ## - PHYSICAL DESCRIPTION | |
| Extent | xxi, 443p. : ill. |
| 350 ## - PRICE (NR) (BK AM CF MU VM SE) [OBSOLETE] | |
| Price | 0.00 |
| 500 ## - GENERAL NOTE | |
| General note | Bibliography. |
| 650 ## - SUBJECT ADDED ENTRY--TOPICAL TERM | |
| Topical term or geographic name entry element | Regional planning - Data processing |
| 650 ## - SUBJECT ADDED ENTRY--TOPICAL TERM | |
| Topical term or geographic name entry element | PLANNING |
| 650 ## - SUBJECT ADDED ENTRY--TOPICAL TERM | |
| Topical term or geographic name entry element | Information storage and retrieval systems - Land use |
| 650 ## - SUBJECT ADDED ENTRY--TOPICAL TERM | |
| Topical term or geographic name entry element | GEOGRAPHIC INFORMATION SYSTEMS |
| 650 ## - SUBJECT ADDED ENTRY--TOPICAL TERM | |
| Topical term or geographic name entry element | Land use--Planning--Data processing |
| 700 ## - ADDED ENTRY--PERSONAL NAME | |
| Personal name | Klosterman, Richard E |
| 995 ## - RECOMMENDATION 995 [LOCAL, UNIMARC FRANCE] | |
| -- | 0.00 |
| -- | CBU-MAIN LIBRARY (Kitwe) |
| -- | 1 |
| -- | 39.95 |
| -- | 1 |
| -- | AVAILABLE |
| -- | Jul 19, 2006 |
| -- | Main Library Open Access Collection |
| Withdrawn status | Lost status | Source of classification or shelving scheme | Damaged status | Not for loan | Home library | Current library | Shelving location | Date acquired | Total Checkouts | Full call number | Barcode | Date last seen | Price effective from | Koha item type |
|---|---|---|---|---|---|---|---|---|---|---|---|---|---|---|
| CBU-MAIN LIBRARY, KITWE. | CBU-MAIN LIBRARY, KITWE. | 11/30/2022 | HD 108.15 Pla | 40151 | 11/30/2022 | 11/30/2022 | MONOGRAPH |